Länderflaggen mit den meisten Sternen - Statistiken

Allgemein
  • Dieses Quiz wurde 54 mal gespielt
    27 seit der letzten Aktualisierung
  • Das Durchschnittsergebnis liegt bei 7 aus 21
Antwortstatistiken
Anzahl Sterne Land % Korrekt
50 Vereinigte Staaten von Amerika
96%
6 Australien
76%
4 Neuseeland
76%
23 Brasilien
68%
5 China
68%
4 Mikronesien
40%
5 Honduras
36%
5 Samoa
36%
8 Venezuela
36%
9 Tuvalu
32%
9 Bosnien und Herzegowina
24%
5 Papua-Neuguinea
24%
5 Singapur
24%
6 Kosovo
20%
5 Turkmenistan
20%
4 Komoren
16%
5 Salomonen
12%
6 Grenada
8%
10 Kap Verde
8%
7 Tadschikistan
8%
12 Usbekistan
8%
Keine übereinstimmenden Quizze gefunden
Verteilung der Resultate
Anzahl Personen mit jedem Resultat
Perzentil nach korrekt beantworteten Fragen
Ihre Resultats-Entwicklung
Sie haben dieses Quiz seit der letzten Aktualisierung nicht gespielt